000 00354nam a2200133Ia 4500
005 20251222144752.0
008 251222s9999||||xx |||||||||||||| ||spa||
020 _a987-1142-76-5
082 _a371.200.1/S23
100 _aSánchez Martínez, Eduardo
245 0 _aPara un Planteamiento Estratégico de La Educación:
264 _bBrujas
942 _cLIB
999 _c19366
_d19366